|
|
|
|
| LEADER |
00790nam a22002418a 4500 |
| 001 |
00042909 |
| 005 |
20181026141022.0 |
| 008 |
171101s2017####-vm#################vie|d |
| 020 |
# |
# |
|a 978 60457 4098 9
|c 23000
|
| 041 |
0 |
# |
|a Vie
|
| 082 |
# |
# |
|a 343.597 07
|b L504C
|
| 110 |
1 |
# |
|a Việt Nam (CHXHCN) Luật lệ và sắc lệnh
|
| 245 |
1 |
0 |
|a Luật Cạnh tranh
|
| 260 |
# |
# |
|b Chính trị Quốc gia - Sự thật
|c 2018
|a Hà Nội
|
| 300 |
# |
# |
|a 120 tr.
|c 19 cm.
|
| 653 |
# |
# |
|a Luật Cạnh tranh
|
| 653 |
# |
# |
|a Pháp luật
|
| 653 |
# |
# |
|a Việt Nam
|
| 653 |
# |
# |
|a Văn bản pháp luật
|
| 852 |
# |
# |
|j KM.0024322
|j KD.0024866
|j KM.0024323
|
| 910 |
0 |
# |
|d 26/10/2018
|
| 980 |
# |
# |
|a Trung tâm Học liệu Lê Vũ Hùng, Trường Đại học Đồng Tháp
|